Writing academic English

Αποθηκεύτηκε σε:
Λεπτομέρειες βιβλιογραφικής εγγραφής
Κύριος συγγραφέας: Oshima, Alice
Άλλοι συγγραφείς: Hogue, Ann
Μορφή: Βιβλίο
Γλώσσα:English
Δημοσίευση: New York : Pearson Longman, 2006
Έκδοση:2η έκδ.
Σειρά:The Longman academic writing series
Θέματα:
Ετικέτες: Προσθήκη ετικέτας
Δεν υπάρχουν, Καταχωρήστε ετικέτα πρώτοι!

MARC

LEADER 00000cam a2200000 i 4500
001 1/25821
008 130212s2006 eng d
020 |a 978-0-13-152359-3 
035 |l 10113713 
040 |a GR-MY-UA  |b gre  |e aacr 
041 0 |a eng 
082 0 |a 808.042  |2 (22) 
100 1 |a Oshima, Alice. 
245 1 0 |a Writing academic English /  |c Alice Oshima, Ann Hogue 
250 |a 2η έκδ. 
260 |a New York :   |b Pearson Longman,   |c 2006 
300 |a 337 σ.;  |b εικ.;  |c 28 εκ. 
490 1 |a The Longman academic writing series 
500 |a Level 4 
650 0 0 |a English language  |x Rhetoric  |x Handbooks, manuals, etc. 
650 0 0 |a English language  |x Grammar  |x Study and teaching. 
650 0 0 |a English language  |v Textbooks for foreign speakers. 
650 0 0 |a Report writing  |x Handbooks, manuals, etc. 
650 0 0 |a Academic writing  |v Handbooks, manuals, etc. 
700 1 |a Hogue, Ann. 
830 0 |a The Longman academic writing series 
852 |a INST  |b LESVOS  |e 20130212  |h 808.042 OSH  |p 005100052003  |q 005100052003  |t BK  |y 0 
901 |a BIBL1-2013-1 
909 |a Λ  |b 177355 
922 |a 1ΕΛΗ  |b 201210  |c ΤΜΗΜΑ ΚΟΙΝΩΝΙΚΗΣ ΑΝΘΡΩΠΟΛΟΓΙΑΣ ΚΑΙ ΙΣΤΟΡΙΑΣ  |d ΙΩΑΝΝΙΔΟΥ 
970 |a ΤΖΑΦΕΡΗ  |b ΕΥΑΓΓΕΛΙΑ  |z 2013/02/12